|
|
|
|
| LEADER |
01778nam a2200397 a 4500 |
| 001 |
000052041 |
| 003 |
CZ BrMZK |
| 005 |
20220921104725.0 |
| 007 |
ta |
| 008 |
950313s1995 xr a f 001 0 cze d |
| 015 |
|
|
|a cnb000109854
|
| 020 |
|
|
|a 80-85243-68-7
|
| 040 |
|
|
|a BOA001
|b cze
|
| 080 |
|
|
|a 651.923(075)
|2 MRF
|
| 100 |
1 |
|
|a Neugebauer, Tomáš,
|d 1966-
|7 jn20000401855
|4 aut
|
| 245 |
1 |
0 |
|a Jak rychle a snadno psát na psacím stroji nebo počítači /
|c Tomáš Neugebauer ; [kresby Alice Neugebauerová, foto Jiří Hrala]
|
| 250 |
|
|
|a Vyd. 1.
|
| 260 |
|
|
|a Praha :
|b Petrklíč,
|c 1995
|
| 300 |
|
|
|a 125 s. :
|b il., některé barev. ;
|c 30 cm
|
| 500 |
|
|
|a 4000 výt.
|
| 500 |
|
|
|a Obálkový podnázev: učebnice pro samouky, ale nejen pro ně
|
| 504 |
|
|
|a Obsahuje bibliografii a rejstřík
|
| 500 |
|
|
|a Dostupné též v digitální podobě v aplikaci Kramerius
|
| 653 |
0 |
|
|a osobní počítače
|a psací stroje
|a psaní na počítači
|a psaní na stroji
|
| 700 |
1 |
|
|a Neugebauerová, Alice,
|d 1968-
|7 xx0023625
|4 ill
|
| 700 |
1 |
|
|a Hrala, Jiří,
|d 1931-2002
|7 jk01042659
|4 pht
|
| 856 |
4 |
1 |
|u http://www.digitalniknihovna.cz/mzk/uuid/uuid:66b87850-3b3e-11ed-b06c-005056827e52
|y Digitalizovaný dokument
|x NDK
|
| 910 |
|
|
|a BOA001
|b 4-1014.594
|b TK-A-0257.148
|b PK-N-0032.163
|
| 920 |
|
|
|a 000031206
|
| 920 |
|
|
|a 000054991
|
| 964 |
|
|
|a Psaní na počítači
|x učebnice
|
| 964 |
|
|
|a Psaní na stroji
|x učebnice
|
| 990 |
|
|
|a BK
|
| 996 |
6 |
|
|b 2610028412
|c 4-1014.594
|l MZK
|r Sklad / do 1 hodiny
|n 46
|p p.v.
|w 000052041
|u 000010
|a 1
|e BOA001
|j MZK50
|s P
|
| 996 |
7 |
|
|b 2620001119
|c TK-A-0257.148
|l MZK
|r Sklad / do 24 hodin
|n 31
|p kup
|w 000052041
|u 000020
|a 1
|e BOA001
|j MZK50
|s A
|
| 996 |
7 |
|
|b 3119002068
|c PK-N-0032.163
|l MZK
|r Sklad / do 1 hodiny
|n 45
|p kup
|w 000052041
|u 000030
|a 1
|e BOA001
|j MZK50
|s A
|